000 00332nam a2200145Ia 4500
005 20251222152717.0
008 251222s9999||||xx |||||||||||||| ||spa||
020 _a8422638932
082 _a823.914/R64
100 _aRipley, Alexandra
245 0 _aScarlett
250 _a1ra.ed.
264 _bCĂ­rculo de Lectores
942 _cLIB
999 _c29426
_d29426